Normal view
MARC view
Entry Personal Name
001 - CONTROL NUMBER
- control field: 24697
003 - CONTROL NUMBER IDENTIFIER
- control field: ARRUPE
005 - DATE AND TIME OF LATEST TRANSACTION
- control field: 20160810105553.0
008 - FIXED-LENGTH DATA ELEMENTS
- fixed length control field: 160810|| aca||aabn | a|a d
040 ## - CATALOGING SOURCE
- Original cataloging agency: ARRUPE
- Transcribing agency: ARRUPE
100 ## - HEADING--PERSONAL NAME
- Personal name: Maine, Kas,
- Dates associated with a name: 1894-1985.
670 ## - SOURCE DATA FOUND
- Source citation: Work cat.: (ARRUPE)0: Van Onselen, Charles. 23147, The seed is mine :, 1996.